[Event "DRUGA LIGA SRBIJE-GRUPA VOJVODINA 2016"]
[Site "Kac"]
[Date "2016.11.18"]
[Round "5.1"]
[White "Somborski, Nebojsa"]
[Black "Csonka, Balazs"]
[Result "1/2-1/2"]
[WhiteElo "2327"]
[BlackElo "2398"]
[PlyCount "64"]
[EventDate "2016.11.15"]

1. e4 e5 2. Nf3 Nc6 3. Bb5 Nf6 4. O-O Nxe4 5. Re1 Nd6 6. Nxe5 Be7 7. Bf1 Nxe5
8. Rxe5 O-O 9. d4 Ne8 10. Re1 d5 11. Bf4 Bd6 12. Bxd6 Nxd6 13. c3 Bf5 14. Bd3
Bxd3 15. Qxd3 Re8 16. Nd2 Qd7 17. Nf3 f6 18. Nd2 Rxe1+ 19. Rxe1 Re8 20. Kf1 a5
21. f3 a4 22. a3 Kf8 23. Kf2 Rxe1 24. Kxe1 Qe8+ 25. Kf2 Qh5 26. h3 b5 27. b3
axb3 28. Nxb3 Qg6 29. Qxg6 hxg6 30. Nc5 Ke7 31. a4 bxa4 32. Nxa4 g5 1/2-1/2

[Event "DRUGA LIGA SRBIJE-GRUPA VOJVODINA 2016"]
[Site "Kac"]
[Date "2016.11.18"]
[Round "5.1"]
[White "Kopasz, Robert"]
[Black "Strbac, Mladen"]
[Result "1-0"]
[WhiteElo "2260"]
[BlackElo "2318"]
[PlyCount "51"]
[EventDate "2016.11.15"]

1. d4 e6 2. e4 d5 3. Nd2 Be7 4. Ngf3 Nf6 5. Bd3 c5 6. c3 Nc6 7. exd5 Qxd5 8.
Bc4 Qd8 9. dxc5 Bxc5 10. Qe2 O-O 11. Nb3 Be7 12. O-O Qc7 13. Bg5 Ng4 14. Bxe7
Nxe7 15. Nbd4 Ng6 16. Rfe1 Bd7 17. Rad1 Nf4 18. Qf1 Rad8 19. h3 e5 20. Nb3 b5
21. Bd3 Nxd3 22. Rxd3 Bf5 23. Rxd8 Rxd8 24. Qxb5 Bd3 25. Qc5 Qxc5 26. Nxc5 1-0

[Event "DRUGA LIGA SRBIJE-GRUPA VOJVODINA 2016"]
[Site "Kac"]
[Date "2016.11.18"]
[Round "5.1"]
[White "Todorovic, Nenad I"]
[Black "Simonyi, Zoltan"]
[Result "1/2-1/2"]
[WhiteElo "2249"]
[BlackElo "2202"]
[PlyCount "105"]
[EventDate "2016.11.15"]

1. e4 e5 2. Nf3 Nf6 3. Nxe5 d6 4. Nc4 Nxe4 5. Qe2 Qe7 6. Ne3 Be6 7. g3 d5 8.
Bg2 c6 9. O-O g6 10. d4 Bg7 11. Rd1 O-O 12. c4 Rd8 13. Nc3 Nxc3 14. bxc3 Na6
15. Nxd5 cxd5 16. cxd5 Nc7 17. dxe6 Nxe6 18. Rb1 Rd7 19. d5 Qd6 20. Be3 Nc5 21.
Bf4 Qf8 22. Bh3 f5 23. d6 Ne4 24. Bg2 Nxc3 25. Qe6+ Qf7 26. Qxf7+ Kxf7 27. Rxb7
Rxb7 28. Bxb7 Nxd1 29. Bxa8 Nc3 30. Kf1 Ke6 31. Bc6 Bf6 32. a4 g5 33. Be3 Kxd6
34. Bb5 a6 35. Bd3 Ke6 36. a5 Nd5 37. Bd2 Nc7 38. g4 fxg4 39. Bxh7 Be5 40. Kg2
Bf4 41. Bxf4 gxf4 42. f3 gxf3+ 43. Kxf3 Ke5 44. Bd3 Ne6 45. Bxa6 Nd4+ 46. Kg4
Nc6 47. Kg5 Nxa5 48. h4 Nc6 49. Kg6 Ne7+ 50. Kg7 Nf5+ 51. Kg6 Ne7+ 52. Kg7 Nf5+
53. Kg6 1/2-1/2

[Event "DRUGA LIGA SRBIJE-GRUPA VOJVODINA 2016"]
[Site "Kac"]
[Date "2016.11.18"]
[Round "5.1"]
[White "Kecskemeti, Arpad"]
[Black "Perisic, Radivoj"]
[Result "1/2-1/2"]
[WhiteElo "2216"]
[BlackElo "2276"]
[PlyCount "101"]
[EventDate "2016.11.15"]

1. e4 c5 2. Nf3 e6 3. d4 cxd4 4. Nxd4 Nf6 5. Nc3 d6 6. Be3 Be7 7. Bd3 O-O 8.
O-O Nc6 9. f4 e5 10. Nf5 Bxf5 11. exf5 Re8 12. Kh1 Qa5 13. Bc4 exf4 14. Bxf4
Qb4 15. Bb3 Rad8 16. Nd5 Nxd5 17. Qxd5 Rf8 18. Rad1 Rd7 19. Rd3 Qb6 20. c3 Bf6
21. Qf3 Ne5 22. Bxe5 Bxe5 23. f6 Bxf6 24. Qg4 Qd8 25. Rdf3 Be5 26. a4 a5 27.
Bd5 Rc7 28. c4 Bxb2 29. Rb3 Be5 30. Bxb7 g6 31. Bd5 Kg7 32. Rfb1 h5 33. Qf3 Qh4
34. g3 Qf6 35. Qxf6+ Kxf6 36. Rb7 Rxb7 37. Rxb7 g5 38. Rb6 Kf5 39. Ra6 h4 40.
Rxa5 Kg4 41. gxh4 gxh4 42. Ra7 f5 43. Ra8 Rxa8 44. Bxa8 h3 45. Kg1 Bd4+ 46. Kf1
f4 47. Bc6 f3 48. Bd7+ Kh4 49. a5 Be5 50. a6 Bd4 51. Be6 1/2-1/2

[Event "DRUGA LIGA SRBIJE-GRUPA VOJVODINA 2016"]
[Site "Kac"]
[Date "2016.11.18"]
[Round "5.1"]
[White "Vulin, Milorad"]
[Black "Nagy, Attila N"]
[Result "0-1"]
[WhiteElo "2044"]
[BlackElo "2185"]
[PlyCount "72"]
[EventDate "2016.11.15"]

1. e4 c5 2. Nf3 g6 3. d4 cxd4 4. Nxd4 Bg7 5. Be3 Nf6 6. Nc3 Nc6 7. f3 O-O 8.
Bc4 Qb6 9. Nxc6 Qxe3+ 10. Qe2 Qxe2+ 11. Kxe2 bxc6 12. g4 d6 13. h4 h5 14. gxh5
Nxh5 15. Rhg1 Rb8 16. Bb3 e6 17. Rad1 d5 18. Na4 Rb5 19. Nc3 Rb4 20. a3 Ba6+
21. Ke1 Rd4 22. Ba4 Bf6 23. Rg4 Rxd1+ 24. Nxd1 c5 25. exd5 exd5 26. Bc6 Rd8 27.
Ra4 Bc8 28. Ne3 d4 29. Nd5 Bxh4+ 30. Kd1 Bd7 31. Bxd7 Rxd7 32. c4 dxc3 33. Rxh4
Rxd5+ 34. Kc2 cxb2 35. Kxb2 Rd4 36. Rh1 Nf4 0-1

[Event "DRUGA LIGA SRBIJE-GRUPA VOJVODINA 2016"]
[Site "Kac"]
[Date "2016.11.18"]
[Round "5.1"]
[White "Vranic, Ljubomir"]
[Black "Brajic, Djordje"]
[Result "1-0"]
[WhiteElo "2168"]
[BlackElo "2243"]
[PlyCount "69"]
[EventDate "2016.11.15"]

1. d4 d5 2. c4 e6 3. Nc3 Bb4 4. e3 Nf6 5. Bd2 Qe7 6. a3 Bxc3 7. Bxc3 Nbd7 8.
Nf3 O-O 9. Rc1 Re8 10. Qc2 c6 11. Bd3 e5 12. dxe5 dxc4 13. Bxc4 Ng4 14. e6 fxe6
15. h3 Nh6 16. O-O Nf7 17. Rfd1 Ng5 18. Nxg5 Qxg5 19. Rd4 Ne5 20. Be2 Ng6 21.
h4 Qe7 22. Rg4 e5 23. Bc4+ Be6 24. Qb3 Qf7 25. Bxe6 Rxe6 26. h5 Nf8 27. Rg5 Nd7
28. Rd1 Rf8 29. f3 Kh8 30. h6 gxh6 31. Rg4 h5 32. Rg3 Rg6 33. Qxf7 Rxf7 34. Rh3
Rfg7 35. Rd2 1-0

[Event "DRUGA LIGA SRBIJE-GRUPA VOJVODINA 2016"]
[Site "Kac"]
[Date "2016.11.18"]
[Round "5.2"]
[White "Milanovic, Stanko"]
[Black "Czebe, Attila"]
[Result "0-1"]
[WhiteElo "2150"]
[BlackElo "2482"]
[PlyCount "72"]
[EventDate "2016.11.15"]

1. e4 g6 2. f4 Bg7 3. Nf3 d5 4. exd5 Nf6 5. Bb5+ Nbd7 6. c4 O-O 7. O-O Nb6 8.
d3 e6 9. dxe6 Bxe6 10. Nc3 Ng4 11. c5 Nd5 12. Nxd5 Qxd5 13. d4 Nh6 14. Be3 Bg4
15. Bd3 Rad8 16. h3 Bxd4 17. Bxd4 Bxf3 18. Rxf3 Qxd4+ 19. Kh2 Nf5 20. Qg1 Nh4
21. Re3 Qxc5 22. Rf1 Rd4 23. g3 Rxd3 24. Rxd3 Qc2+ 25. Rf2 Qxd3 26. gxh4 Re8
27. h5 Qd5 28. hxg6 hxg6 29. f5 Re3 30. Qg4 Re1 31. Rg2 Qd6+ 32. Qg3 Qd1 33.
Qc3 Rh1+ 34. Kg3 Qh5 35. Qxc7 Rxh3+ 36. Kf2 Qf3+ 0-1

[Event "DRUGA LIGA SRBIJE-GRUPA VOJVODINA 2016"]
[Site "Kac"]
[Date "2016.11.18"]
[Round "5.2"]
[White "Bulajic, Ratko"]
[Black "Dimitrijevic, Nenad"]
[Result "1/2-1/2"]
[WhiteElo "2331"]
[BlackElo "2165"]
[PlyCount "27"]
[EventDate "2016.11.15"]

1. d4 Nf6 2. Nf3 g6 3. c4 Bg7 4. Nc3 d6 5. g3 O-O 6. Bg2 Nc6 7. h3 Bd7 8. O-O
Qc8 9. Kh2 a6 10. d5 Na5 11. Nd2 c5 12. a4 Qc7 13. e4 e6 14. Re1 1/2-1/2

[Event "DRUGA LIGA SRBIJE-GRUPA VOJVODINA 2016"]
[Site "Kac"]
[Date "2016.11.18"]
[Round "5.2"]
[White "Tokovic, Svetozar"]
[Black "Rajin, Milan"]
[Result "1-0"]
[WhiteElo "2258"]
[BlackElo "1995"]
[PlyCount "133"]
[EventDate "2016.11.15"]

1. Nf3 e6 2. g3 d6 3. Bg2 g6 4. O-O Bg7 5. c4 Ne7 6. Nc3 O-O 7. Qc2 Nbc6 8. Rb1
e5 9. b4 Bf5 10. d3 Qc8 11. b5 Nd8 12. Nd5 Re8 13. e4 Bg4 14. Bg5 Nxd5 15. cxd5
h6 16. Be3 b6 17. Qd2 Kh7 18. Rfc1 Nb7 19. h3 Bd7 20. Kh2 Nc5 21. Qc2 Qb7 22.
Nd2 a6 23. Bxc5 bxc5 24. b6 cxb6 25. Nc4 Qc7 26. Rxb6 Bf8 27. Rcb1 Reb8 28. a4
Rxb6 29. Nxb6 Ra7 30. Nxd7 Qxd7 31. Rb8 Be7 32. Qb3 Bd8 33. h4 Ba5 34. Bh3 Qc7
35. h5 Bb4 36. hxg6+ fxg6 37. Rc8 Qf7 38. Kg2 Rb7 39. Be6 Qf6 40. Rc6 a5 41.
Qd1 Qf8 42. Qg4 Be1 43. f3 Qe7 44. f4 h5 45. Qf3 h4 46. gxh4 Qxh4 47. Qh3 Rb3
48. Qxh4+ Bxh4 49. fxe5 dxe5 50. d6 Rxd3 51. d7 Kg7 52. Bd5 Ra3 53. Rc8 Rxa4
54. d8=Q Bxd8 55. Rxd8 Rd4 56. Rc8 c4 57. Ra8 c3 58. Rxa5 Rd3 59. Rc5 Kh6 60.
Bc6 Kg5 61. Rxe5+ Kf4 62. Rc5 Ke3 63. e5 Kd2 64. Be4 Re3 65. Bxg6 Kc1 66. Kf2
Rh3 67. e6 1-0

[Event "DRUGA LIGA SRBIJE-GRUPA VOJVODINA 2016"]
[Site "Kac"]
[Date "2016.11.18"]
[Round "5.2"]
[White "Miracola, Giorgia"]
[Black "Roganovic, Nebojsa"]
[Result "1-0"]
[WhiteElo "1894"]
[BlackElo "2180"]
[PlyCount "75"]
[EventDate "2016.11.15"]

1. e4 d5 2. exd5 Nf6 3. Bb5+ Bd7 4. Bxd7+ Qxd7 5. Nf3 Nxd5 6. O-O Nc6 7. d4 e6
8. c3 Be7 9. Nbd2 O-O-O 10. Nc4 Bf6 11. Qc2 h6 12. Rd1 g5 13. b4 g4 14. Ne1
Nxc3 15. Qxc3 Nxd4 16. Kf1 Qb5 17. a4 Qh5 18. Bf4 e5 19. Bg3 Qf5 20. Rac1 c6
21. b5 Qe6 22. Na5 Rd6 23. Nd3 b6 24. Nc4 Rd5 25. bxc6 Rhd8 26. a5 b5 27. Ne3
R5d6 28. Qc5 Rxc6 29. Qxa7 Rdd6 30. Nc5 Qa2 31. Qa8+ Kc7 32. Na6+ Kd7 33. Nb8+
Ke6 34. Nxc6 Qe2+ 35. Kg1 Bg5 36. Nxd4+ exd4 37. Qe4+ Kd7 38. Rxd4 1-0

[Event "DRUGA LIGA SRBIJE-GRUPA VOJVODINA 2016"]
[Site "Kac"]
[Date "2016.11.18"]
[Round "5.3"]
[White "Drazic, Sinisa"]
[Black "Sekulic, Dusan"]
[Result "0-1"]
[WhiteElo "2415"]
[BlackElo "2218"]
[PlyCount "77"]
[EventDate "2016.11.15"]

1. c4 e5 2. Nc3 d6 3. Nf3 g6 4. d4 Nd7 5. e4 Bg7 6. Be2 Ngf6 7. O-O O-O 8. Be3
Ng4 9. Bg5 f6 10. Bd2 Nh6 11. d5 Nf7 12. b4 f5 13. Ne1 Nf6 14. f3 f4 15. c5 g5
16. Nd3 h5 17. Be1 Nh6 18. Rc1 Rf7 19. Nb5 Bf8 20. Qc2 a6 21. Na3 Rg7 22. Kh1
h4 23. Nc4 Nh5 24. Kg1 g4 25. Ndxe5 dxe5 26. Nxe5 Ng3 27. hxg3 hxg3 28. fxg4
Qh4 29. Nf3 Qxg4 30. Bc4 Nf7 31. e5 Bf5 32. Qe2 Rh7 33. e6 Ng5 34. e7 Bg7 35.
d6+ Kh8 36. Bf7 Nxf3+ 37. Rxf3 Bd4+ 38. Bf2 gxf2+ 39. Rxf2 0-1

[Event "DRUGA LIGA SRBIJE-GRUPA VOJVODINA 2016"]
[Site "Kac"]
[Date "2016.11.18"]
[Round "5.3"]
[White "Mastrapovic, Vladimir"]
[Black "Stojanovic, Mihajlo"]
[Result "0-1"]
[WhiteElo "2289"]
[BlackElo "2503"]
[PlyCount "72"]
[EventDate "2016.11.15"]

1. e4 e6 2. d4 d5 3. Nc3 Nf6 4. e5 Nfd7 5. f4 c5 6. Nf3 Nc6 7. Ne2 f5 8. c3 Be7
9. a3 O-O 10. b4 cxd4 11. cxd4 b5 12. Nc3 a6 13. h4 Nb6 14. Bd3 Bd7 15. g4 Rc8
16. Ne2 Nc4 17. Ng3 Qb6 18. gxf5 exf5 19. Bb1 a5 20. Ra2 axb4 21. axb4 Nxb4 22.
Rg2 Ra8 23. O-O Ra1 24. Qb3 Qa5 25. Nh5 g6 26. Ng5 Qa4 27. Qg3 Qa6 28. e6 Be8
29. Nf7 Bxf7 30. Bxf5 Be8 31. Bxg6 hxg6 32. f5 Rxc1 33. Rxc1 Rxf5 34. Qb8 Rf8
35. Re1 Qb6 36. Qg3 Qxd4+ 0-1

[Event "DRUGA LIGA SRBIJE-GRUPA VOJVODINA 2016"]
[Site "Kac"]
[Date "2016.11.18"]
[Round "5.3"]
[White "Rogac, Srdjan"]
[Black "Azaric, Slavko"]
[Result "1/2-1/2"]
[WhiteElo "2387"]
[BlackElo "2283"]
[PlyCount "24"]
[EventDate "2016.11.15"]

1. Nf3 Nf6 2. c4 g6 3. b4 Bg7 4. Bb2 d6 5. g3 O-O 6. Bg2 e5 7. d3 a5 8. b5 a4
9. Na3 Nbd7 10. O-O Nh5 11. Nd2 Nc5 12. Ne4 Ne6 1/2-1/2

[Event "DRUGA LIGA SRBIJE-GRUPA VOJVODINA 2016"]
[Site "Kac"]
[Date "2016.11.18"]
[Round "5.3"]
[White "Zegarac, Vuk"]
[Black "Radlovacki, Jovan"]
[Result "0-1"]
[WhiteElo "2233"]
[BlackElo "2328"]
[PlyCount "102"]
[EventDate "2016.11.15"]

1. d4 Nf6 2. Nc3 d5 3. Bg5 Nbd7 4. Qd3 g6 5. e4 dxe4 6. Nxe4 Bg7 7. Nf3 Nxe4 8.
Qxe4 Nf6 9. Qe3 Qd5 10. Qb3 Qxb3 11. axb3 h6 12. Bf4 Nd5 13. Bd2 c5 14. Bb5+
Kf8 15. Bc3 Nxc3 16. bxc3 Bf5 17. Ra2 a6 18. O-O Rd8 19. Be2 cxd4 20. cxd4 Bxd4
21. Rd1 Bb6 22. Rxd8+ Bxd8 23. Nd4 Bc8 24. b4 Kg7 25. Nb3 e5 26. b5 axb5 27.
Bxb5 Bb6 28. c4 Rd8 29. Rd2 Rxd2 30. Nxd2 Bf5 31. Kf1 Bd3+ 32. Ke1 Ba5 33. Kd1
f5 34. Nb3 Bb4 35. Nc1 Bf1 36. g3 Kf6 37. Ne2 Bg2 38. Ng1 Ke7 39. Ke2 g5 40.
Nf3 Ke6 41. Ba4 e4 42. Nd4+ Ke5 43. Nc2 Bf3+ 44. Kf1 Bd2 45. Bd7 f4 46. Bc8 e3
47. fxe3 fxe3 48. c5 Be4 49. Ne1 Bxe1 50. Kxe1 Bf3 51. h4 Kd4 0-1

[Event "DRUGA LIGA SRBIJE-GRUPA VOJVODINA 2016"]
[Site "Kac"]
[Date "2016.11.18"]
[Round "5.3"]
[White "Klasan, Vladimir"]
[Black "Moldovanovic, Dragan"]
[Result "1-0"]
[WhiteElo "2387"]
[BlackElo "2005"]
[PlyCount "75"]
[EventDate "2016.11.15"]

1. e4 c6 2. Nc3 d5 3. Nf3 dxe4 4. Nxe4 Nf6 5. Ng3 g6 6. Bc4 Bg7 7. O-O O-O 8.
d4 Bg4 9. c3 Nbd7 10. Re1 Nb6 11. Bb3 Qc7 12. h3 Bh5 13. Bg5 Bxf3 14. Qxf3 a5
15. Bf4 Qd7 16. a4 Nfd5 17. Be5 f6 18. Bf4 Kh8 19. Bd2 e5 20. dxe5 fxe5 21. Qg4
Qc7 22. h4 Rad8 23. Bg5 Qd7 24. Qxd7 Rxd7 25. Rad1 h6 26. Bc1 Kh7 27. Bc2 Rdf7
28. f3 Ne7 29. h5 Nbd5 30. Ne4 Kh8 31. Nd6 Rf6 32. Nxb7 gxh5 33. Nc5 Rd6 34. c4
h4 35. Ne4 Rg6 36. Nf2 Rg3 37. cxd5 cxd5 38. Nh1 1-0

[Event "DRUGA LIGA SRBIJE-GRUPA VOJVODINA 2016"]
[Site "Kac"]
[Date "2016.11.18"]
[Round "5.3"]
[White "Stankovic, Milos M"]
[Black "Marinovic, Bozidar"]
[Result "1/2-1/2"]
[WhiteElo "1816"]
[BlackElo "2375"]
[PlyCount "125"]
[EventDate "2016.11.15"]

1. d4 c5 2. d5 e5 3. c4 d6 4. e4 Be7 5. Nc3 Bg5 6. Bd3 Bxc1 7. Qxc1 Nh6 8. Qd2
O-O 9. Nge2 Na6 10. a3 Bd7 11. Ng3 f6 12. O-O Nf7 13. Nb5 Nc7 14. a4 Na6 15.
Nc3 g6 16. b3 Kg7 17. Rae1 Qe7 18. Kh1 Nb4 19. Na2 Nxa2 20. Qxa2 h5 21. Ne2 Rh8
22. Qb2 a5 23. f3 h4 24. Kg1 Rh6 25. Qc3 b6 26. Nc1 Rf8 27. Bc2 Rhh8 28. Nd3
Qd8 29. Bb1 Rh6 30. h3 Rh5 31. Bc2 Rg5 32. Kh2 Qe7 33. Qb2 Rh5 34. Qc3 Rhh8 35.
Bb1 Rhg8 36. Qb2 Nh8 37. Qf2 g5 38. Qd2 Ng6 39. Nf2 Nf4 40. Bc2 Nh5 41. Nh1 Kf7
42. Bd3 Ke8 43. Qc1 Kd8 44. Bc2 Qh7 45. Qb1 Rh8 46. Nf2 Ng3 47. Rg1 Kc7 48. Qc1
Qg6 49. Nd1 f5 50. Nc3 Qg7 51. exf5 Bxf5 52. Bxf5 Rxf5 53. Ne4 Nxe4 54. Rxe4
Rf4 55. Rxf4 gxf4 56. Qe1 Kd8 57. Kh1 Ke7 58. Qe4 Kf6 59. Qc2 Rh5 60. Qf2 Qg6
61. Qe2 Rg5 62. Rf1 Rg3 63. Re1 1/2-1/2

[Event "DRUGA LIGA SRBIJE-GRUPA VOJVODINA 2016"]
[Site "Kac"]
[Date "2016.11.18"]
[Round "5.4"]
[White "Pezelj, Novak"]
[Black "Indjic, Dusan"]
[Result "1-0"]
[WhiteElo "2447"]
[BlackElo "2283"]
[PlyCount "83"]
[EventDate "2016.11.15"]

1. d4 Nf6 2. c4 c5 3. d5 b5 4. cxb5 a6 5. bxa6 Bxa6 6. Nc3 g6 7. e4 Bxf1 8.
Kxf1 d6 9. g3 Bg7 10. Kg2 O-O 11. Nf3 Nbd7 12. Re1 Ra7 13. a4 Qa8 14. Nb5 Rb7
15. Bd2 Ne8 16. Bc3 Nc7 17. Nxc7 Rxc7 18. Bxg7 Kxg7 19. b4 cxb4 20. Qd4+ Kg8
21. Reb1 Rb7 22. Rxb4 Rxb4 23. Qxb4 Rb8 24. Qe1 Nc5 25. Ra2 f5 26. exf5 Qxd5
27. Rd2 Qb7 28. f6 exf6 29. Rxd6 Ne4 30. Re6 f5 31. a5 Ng5 32. Re8+ Kf7 33.
Rxb8 Qxf3+ 34. Kg1 Nh3+ 35. Kf1 Qh1+ 36. Ke2 Qe4+ 37. Kd2 Qd4+ 38. Kc2 Qc5+ 39.
Qc3 Qxf2+ 40. Kb3 Qa7 41. Rb6 Ng5 42. Qf6+ 1-0

[Event "DRUGA LIGA SRBIJE-GRUPA VOJVODINA 2016"]
[Site "Kac"]
[Date "2016.11.18"]
[Round "5.4"]
[White "Vujadinovic, Goran"]
[Black "Varga, Zoltan"]
[Result "0-1"]
[WhiteElo "2338"]
[BlackElo "2418"]
[PlyCount "106"]
[EventDate "2016.11.15"]

1. Nf3 d5 2. g3 c5 3. Bg2 Nc6 4. O-O e5 5. d3 f6 6. Nc3 Be6 7. a3 Nge7 8. Rb1
Rc8 9. e4 d4 10. Na4 b6 11. c4 dxc3 12. bxc3 Qd7 13. Be3 Rd8 14. Bxc5 Qxd3 15.
Qxd3 Rxd3 16. Be3 Nc8 17. Ne1 Rd7 18. Nc2 Na5 19. Nb4 Nc4 20. Nd5 Bxa3 21. Rfd1
Kf7 22. Bf1 N8d6 23. Ra1 Rc8 24. Bxb6 Nxe4 25. Bxc4 Rxc4 26. Rxa3 Bxd5 27. Be3
Bc6 28. Rxd7+ Bxd7 29. Nb2 Rxc3 30. Rxc3 Nxc3 31. Bxa7 Bb5 32. f3 f5 33. Kf2 g5
34. Bb6 f4 35. Ba5 Ne2 36. Bc7 Ke6 37. gxf4 gxf4 38. Na4 Nd4 39. Nc5+ Kf5 40.
Ne4 Be2 41. Nd2 Bd1 42. Nc4 Nxf3 43. Nb2 Nxh2 44. Nxd1 Ng4+ 45. Ke2 h5 46. Bd8
e4 47. Bh4 f3+ 48. Kd2 Kf4 49. Nc3 e3+ 50. Kd3 Ne5+ 51. Kd4 Nc6+ 52. Kd3 Nb4+
53. Kd4 f2 0-1

[Event "DRUGA LIGA SRBIJE-GRUPA VOJVODINA 2016"]
[Site "Kac"]
[Date "2016.11.18"]
[Round "5.4"]
[White "Farkas, Tibor"]
[Black "Stanojevic, Branko"]
[Result "1/2-1/2"]
[WhiteElo "2272"]
[BlackElo "2221"]
[PlyCount "28"]
[EventDate "2016.11.15"]

1. c4 c5 2. g3 g6 3. Nf3 Bg7 4. Bg2 Nc6 5. O-O d6 6. Nc3 a6 7. d3 Rb8 8. a4 Nf6
9. Rb1 Bg4 10. h3 Bd7 11. e4 O-O 12. Be3 h6 13. Qd2 Kh7 14. Kh2 Ne8 1/2-1/2

[Event "DRUGA LIGA SRBIJE-GRUPA VOJVODINA 2016"]
[Site "Kac"]
[Date "2016.11.18"]
[Round "5.4"]
[White "Mijatovic, Dejan"]
[Black "Jesenski, Tibor"]
[Result "1-0"]
[WhiteElo "2248"]
[BlackElo "2345"]
[PlyCount "99"]
[EventDate "2016.11.15"]

1. d4 d5 2. Nf3 Nf6 3. c4 e6 4. Nc3 Be7 5. Bg5 h6 6. Bh4 O-O 7. e3 Ne4 8. Bxe7
Qxe7 9. cxd5 Nxc3 10. bxc3 exd5 11. Qb3 Rd8 12. Bd3 Nc6 13. O-O Rb8 14. a4 Qf6
15. Nd2 Bf5 16. Qc2 Ne7 17. a5 Qg6 18. Bxf5 Nxf5 19. Rfc1 Rd6 20. c4 dxc4 21.
Nxc4 Rc6 22. Qe4 Qe6 23. Qxe6 Rxe6 24. Ne5 Rc8 25. a6 b6 26. Nc6 Ra8 27. Nb4
Rc8 28. Nc6 Ra8 29. Nb4 Rc8 30. d5 Re4 31. Rab1 Ne7 32. Rb3 Re5 33. Rd3 Re4 34.
Rb3 Re5 35. Rd3 Re4 36. Nc6 Nxc6 37. Rxc6 Kh7 38. f3 Re7 39. d6 Rd7 40. Rdc3
Rcd8 41. Rxc7 Rxd6 42. Rxa7 Rd1+ 43. Kf2 R8d2+ 44. Kg3 Rg1 45. Rxf7 Rdxg2+ 46.
Kf4 Rxh2 47. Ra3 Rh4+ 48. Ke5 Rg5+ 49. Rf5 Rxf5+ 50. Kxf5 1-0

[Event "DRUGA LIGA SRBIJE-GRUPA VOJVODINA 2016"]
[Site "Kac"]
[Date "2016.11.18"]
[Round "5.4"]
[White "Arbutina, Sinisa"]
[Black "Kovacevic, Dragan"]
[Result "0-1"]
[WhiteElo "2356"]
[BlackElo "2235"]
[PlyCount "116"]
[EventDate "2016.11.15"]

1. d4 Nf6 2. c4 d6 3. Nc3 Nbd7 4. e4 e5 5. Nge2 c6 6. d5 Be7 7. f3 a6 8. Be3 c5
9. Ng3 g6 10. Bh6 Bf8 11. Qd2 Bxh6 12. Qxh6 Qe7 13. Bd3 Qf8 14. Qd2 h5 15. a3
h4 16. Nge2 Qh6 17. b4 g5 18. Na4 b6 19. bxc5 bxc5 20. h3 Rb8 21. Kd1 Nh5 22.
Kc2 Nf4 23. Nec3 O-O 24. Rhb1 Rxb1 25. Rxb1 Qf6 26. Nd1 Qd8 27. Ne3 Qc7 28. Qe1
Nh5 29. Qc3 Ng3 30. Kd2 Nf6 31. Nb6 Nfh5 32. a4 Nf4 33. a5 Nxd3 34. Qxd3 f5 35.
exf5 Bxf5 36. Nxf5 Rxf5 37. Re1 Kg7 38. Qc2 Rf4 39. Qa4 Rd4+ 40. Kc3 Qf7 41.
Qd7 Qxd7 42. Nxd7 e4 43. Re3 Kf7 44. Nb8 exf3 45. Rxf3+ Kg7 46. Nxa6 Ne4+ 47.
Kc2 Rd2+ 48. Kc1 Rxg2 49. Re3 Nd2 50. Rc3 Ne4 51. Re3 Ng3 52. Nc7 g4 53. Ne6+
Kf6 54. Nf4 Rg1+ 55. Kb2 Kf5 56. a6 Kxf4 57. Re8 gxh3 58. a7 h2 0-1

[Event "DRUGA LIGA SRBIJE-GRUPA VOJVODINA 2016"]
[Site "Kac"]
[Date "2016.11.18"]
[Round "5.4"]
[White "Skoko, Milan"]
[Black "Vidic, Stevan"]
[Result "1/2-1/2"]
[WhiteElo "2128"]
[BlackElo "2268"]
[PlyCount "50"]
[EventDate "2016.11.15"]

1. e4 c5 2. c3 d6 3. d4 Nf6 4. f3 cxd4 5. cxd4 e6 6. Nc3 Be7 7. Be3 O-O 8. Qd2
a6 9. Bd3 b5 10. a4 b4 11. Na2 a5 12. Nc1 Ba6 13. Nb3 Nbd7 14. Ne2 Nb6 15. Bxa6
Rxa6 16. Qd3 Ra8 17. Nd2 d5 18. e5 Nfd7 19. O-O Nc4 20. b3 Nxe3 21. Qxe3 Qb6
22. Rac1 Rac8 23. f4 f6 24. Nf3 Qa6 25. Kh1 f5 1/2-1/2

[Event "DRUGA LIGA SRBIJE-GRUPA VOJVODINA 2016"]
[Site "Kac"]
[Date "2016.11.18"]
[Round "5.5"]
[White "Remecki, Sinisa"]
[Black "Veljkovic, Vojislav"]
[Result "1/2-1/2"]
[WhiteElo "2188"]
[BlackElo "2180"]
[PlyCount "20"]
[EventDate "2016.11.15"]

1. Nf3 Nf6 2. c4 g6 3. Nc3 Bg7 4. g3 O-O 5. Bg2 c6 6. O-O d6 7. d4 Nbd7 8. e3
Qc7 9. Qc2 Re8 10. b3 Nf8 1/2-1/2

[Event "DRUGA LIGA SRBIJE-GRUPA VOJVODINA 2016"]
[Site "Kac"]
[Date "2016.11.18"]
[Round "5.6"]
[White "Babic, Djordje"]
[Black "Petrusic, Velimir"]
[Result "0-1"]
[WhiteElo "2038"]
[BlackElo "2176"]
[PlyCount "68"]
[EventDate "2016.11.15"]

1. e4 d5 2. exd5 Nf6 3. d4 Bg4 4. Be2 Bxe2 5. Qxe2 Qxd5 6. Nf3 Nc6 7. c4 Qf5 8.
a3 e6 9. Nc3 O-O-O 10. Be3 g5 11. Rd1 g4 12. Nh4 Qh5 13. g3 Ne7 14. O-O Ng6 15.
Ng2 Qf5 16. f3 Qh5 17. fxg4 Nxg4 18. Nf4 Nxf4 19. Bxf4 Bg7 20. Be5 Bxe5 21.
dxe5 Rxd1 22. Rxd1 Rg8 23. Re1 Rg5 24. Qg2 Nxe5 25. Rf1 Nxc4 26. Rc1 Nd6 27.
Ne2 Rc5 28. Nc3 Qe5 29. Qd2 Ne4 30. Qd3 Nxc3 31. bxc3 Rd5 32. Qf3 Rd2 33. Rf1
f5 34. Rb1 c6 0-1

[Event "DRUGA LIGA SRBIJE-GRUPA VOJVODINA 2016"]
[Site "Kac"]
[Date "2016.11.18"]
[Round "5.6"]
[White "Labus, Vladislav"]
[Black "Milankov, Vladimir"]
[Result "1-0"]
[WhiteElo "2061"]
[BlackElo "1963"]
[PlyCount "75"]
[EventDate "2016.11.15"]

1. e4 e5 2. Nf3 Nc6 3. Bc4 Bc5 4. b4 Bxb4 5. c3 Ba5 6. d4 exd4 7. O-O Bb6 8.
cxd4 d6 9. h3 h6 10. Bb2 Nf6 11. Qe2 O-O 12. d5 Nb8 13. a4 a6 14. Nbd2 Re8 15.
Qd3 Nbd7 16. Rae1 Nc5 17. Qc2 Bd7 18. Bb3 Nh5 19. Nc4 Ba7 20. Kh2 Nf4 21. Re3
b5 22. Na5 Bb6 23. Nc6 Bxc6 24. dxc6 Nfe6 25. Nd2 Nxb3 26. Rxb3 Bd4 27. axb5
axb5 28. f4 Rb8 29. Rg3 Bxb2 30. Qxb2 f6 31. Qa2 Kh8 32. Nf3 Qe7 33. Nh4 Qf7
34. Qd2 Nc5 35. Qc2 Nxe4 36. Rg6 f5 37. Qb2 Rg8 38. Rxh6# 1-0

[Event "DRUGA LIGA SRBIJE-GRUPA VOJVODINA 2016"]
[Site "Kac"]
[Date "2016.11.18"]
[Round "5.6"]
[White "Vujovic, Milorad M"]
[Black "Stamenkovic, Aleksandar"]
[Result "0-1"]
[WhiteElo "2069"]
[BlackElo "2203"]
[PlyCount "64"]
[EventDate "2016.11.15"]

1. c4 e5 2. Nc3 Nc6 3. g3 Nf6 4. Bg2 Bb4 5. d3 O-O 6. Bd2 d6 7. Nf3 Bxc3 8.
Bxc3 e4 9. dxe4 Nxe4 10. Rc1 Re8 11. O-O Bg4 12. h3 Bh5 13. b3 Nxc3 14. Rxc3
Qf6 15. Qd2 Rxe2 16. Qxe2 Qxc3 17. g4 Bg6 18. Re1 f6 19. Qe6+ Bf7 20. Qd7 Ne5
21. Rxe5 dxe5 22. Qxc7 Qa1+ 23. Kh2 Qxa2 24. Qxb7 Re8 25. Nh4 Qxf2 26. Nf5 e4
27. b4 Qf4+ 28. Kh1 g6 29. Ne7+ Kf8 30. Nd5 Qe5 31. Qxa7 e3 32. Qc5+ Kg7 0-1

[Event "DRUGA LIGA SRBIJE-GRUPA VOJVODINA 2016"]
[Site "Kac"]
[Date "2016.11.18"]
[Round "5.6"]
[White "Ljubisavljevic, Zivojin Z"]
[Black "Vincilov, Dusan"]
[Result "1-0"]
[WhiteElo "2125"]
[BlackElo "2277"]
[PlyCount "91"]
[EventDate "2016.11.15"]

1. c4 Nf6 2. Nc3 g6 3. e4 d6 4. d4 Bg7 5. f4 O-O 6. Bd3 c5 7. d5 a6 8. a4 e6 9.
dxe6 Bxe6 10. f5 Bd7 11. Nge2 Nc6 12. O-O Ne8 13. Nd5 Ne5 14. Nec3 f6 15. Be2
Rb8 16. a5 Nc7 17. Nxc7 Qxc7 18. Nd5 Qd8 19. Bd2 Bc6 20. Bc3 Rf7 21. fxg6 hxg6
22. Bxe5 dxe5 23. Bg4 Bxd5 24. cxd5 Kh7 25. Be6 Rf8 26. Ra3 Bh6 27. h4 b5 28.
h5 Bf4 29. Rh3 g5 30. h6 Qe8 31. Qe2 f5 32. Bxf5+ Rxf5 33. exf5 e4 34. Kh1 Qe5
35. Qh5 Rf8 36. g3 e3 37. Qg6+ Kh8 38. Qg7+ Qxg7 39. hxg7+ Kxg7 40. gxf4 Rxf5
41. Rxe3 gxf4 42. Rd3 c4 43. Rd4 f3 44. d6 Rf8 45. d7 Rd8 46. Rxf3 1-0